000
00322nam a2200133 a 4500
005
20140412111302.0
008
001116s19uu xx 00 eng d
020
_a
1-56987-100-0
050
_a
ER
_b
Pu96 1993
245
_a
Puss in boots.
300
_a
1 v. (unp.) ; ill. ; col.
650
_a
Fairy tales
999
_c
103484
_d
103484